One Piece Marines - Statistics

General Stats
  • This quiz has been taken 30 times
    16 since last reset
  • The average score is 45 of 122
Answer Stats
Hint Answer % Correct
Admiral Borsalino "Kizaru"
92%
Admiral Issho "Fujitora"
92%
Captain | Chore Boy | Master Chief Petty Officer Koby
92%
Admiral Kuzan "Aokiji"
92%
Instructor Monkey D. Garp
92%
Vice Admiral Monkey D. Garp "The Fist"
92%
Admiral | Fleet Admiral Sakazuki "Akainu"
92%
Inspector General Sengoku
92%
Fleet Admiral Sengoku "The Buddha"
92%
Chief Petty Officer | Chore Boy | Lieutenant Commander Helmeppo
85%
Admiral Aramaki "Greenbull"
77%
Fleet Admiral Kong
77%
Base Commander | Captain | Commodore | Vice Admiral Smoker
77%
Base Commander | Captain | Chief Petty Officer | Lieutenant Commander Axe-Hand Morgan
69%
Vice Admiral Tsuru
69%
Captain | Rear Admiral Hina
62%
Base Commander | Vice Admiral Momonga
62%
Captain | Ensign | Master Chief Petty Officer Tashigi
62%
Vice Admiral Doberman
54%
Base Commander | Vice Admiral Doll
54%
Rear Admiral X Drake
54%
Vice Admiral Bastille
46%
Lieutenant | Lieutenant Commander | Seaman Recruit Fullbody
46%
Vice Admiral John Giant
46%
Captain Shu
46%
Rear Admiral | Vice Admiral Strawberry
46%
Scientist Vegapunk
46%
Captain Very Good
46%
Vice Admiral Bluegrass
38%
Scientist Caesar Clown
38%
Vice Admiral Dalmation
38%
Vice Admiral Jaguar D. Saul
38%
Lieutenant Commander | Seaman Recruit Jango
38%
Rear Admiral Kujaku
38%
Captain Nezumi
38%
Rear Admiral Prince Grus
38%
Scientist Sentomaru
38%
Captain | Rear Admiral | Vice Admiral T Bone
38%
Unknown Bell-mere
31%
Commander Hibari
31%
Vice Admiral Lonz
31%
Vice Admiral Momousagi (Gion)
31%
Base Commander | Captain | Vice Admiral Vergo
31%
Lieutenant Commander Brannew
23%
Vice Admiral Cancer
23%
Commander Donquixote Rosinante
23%
Vice Admiral Lacroix
23%
Seaman Recruit Monkey D. Dragon
23%
Vice Admiral Pomsky
23%
Commodore Pudding Pudding
23%
Vice Admiral Red King
23%
Vice Admiral Stainless
23%
Director of Investigation Tensei "Kuroruma"
23%
Vice Admiral Chaton (Tokikake)
15%
Captain Gorilla
15%
Vice Admiral Guillotine
15%
Vice Admiral Maynard
15%
Vice Admiral Mozambia
15%
Vice Admiral Nazu Ketagari
15%
Server Rika
15%
Base Commander | Commander Ripper
15%
Captain Sharinguru
15%
Unknown Sspaden
15%
Vice Admiral Tosa
15%
Vice Admiral Urban
15%
Vice Admiral Yamakaji
15%
Commodore Yarisugi
15%
Base Commander | Vice Admiral Comil
8%
Lieutenant Commander | Vice Admiral Draw
8%
Vice Admiral Hototogisu
8%
Vice Admiral Hound
8%
Ensign Isuka
8%
Cook Koda
8%
Vice Admiral Onigumo
8%
Captain Ratel
8%
Lieutenant Junior Stalker
8%
Seaman Recruit Ukkari
8%
Rear Admiral Akehende
0%
Chief Petty Officer Asahija
0%
Rear Admiral Catacombo
0%
Shipwright Dojaku
0%
Doctor Fishbonen
0%
Server Gatherine
0%
Rear Admiral Kadar
0%
Cook Komakkov
0%
Petty Officer Komei
0%
Cook Kyuji
0%
Seaman First Class Lines
0%
Ensign Makko
0%
Chief Petty Officer Mashikaku
0%
Shipwright Mekao
0%
Lieutenant Junior Rokkaku
0%
Chief Petty Officer Shine
0%
Rear Admiral Sicily
0%
Lieutenant Zotto
0%
No matching quizzes found
Score Distribution
Percent of People with Each Score
Percentile by Number Answered
Your Score History
You have not taken this quiz since the last reset